Stories of the downtrodden / (Record no. 160365)

MARC details
000 -LEADER
fixed length control field 00449nam a22001817a 4500
005 - DATE AND TIME OF LATEST TRANSACTION
control field 20190128122409.0
010 ## - LCCN (DPL NO)
LC control number B-129658
020 ## - INTERNATIONAL STANDARD BOOK NUMBER
International Standard Book Number 8129501279
Terms of availability 170.00
035 ## - SYSTEM CONTROL NUMBER
System control number B-129658
037 ## - SOURCE OF ACQUISITION
Source of stock number/acquisition Dey's Publishing
082 ## - DEWEY DECIMAL CLASSIFICATION NUMBER
Classification number S
100 ## - MAIN ENTRY--PERSONAL NAME
Personal name Gharai, Anil
245 ## - TITLE STATEMENT
Title Stories of the downtrodden /
Statement of responsibility, etc Anil Gharai
260 ## - PUBLICATION, DISTRIBUTION, ETC. (IMPRINT)
Place of publication, distribution, etc Kolkata
Name of publisher, distributor, etc Dey's Publishing
300 ## - PHYSICAL DESCRIPTION
Extent 168p.
Dimensions 22cm(hbk)
700 ## - ADDED ENTRY--PERSONAL NAME
Personal name Sen, Anuradha
942 ## - ADDED ENTRY ELEMENTS (KOHA)
Source of classification or shelving scheme Dewey Decimal Classification
Item type English Books
Classification part S
Call number suffix GHA
Holdings
Withdrawn status Lost status Not for loan Collection code Home library Current library Date acquired Full call number Barcode Koha item type
      Fiction Sarojini Nagar Sarojini Nagar 28/01/2019 S GHA B-129658 English Books

© Delhi Public Library
Hit Counter
free hit counter